[Event "6. ODEM U25 2009"]
[Site "Willingen GER"]
[Date "2009.06.02"]
[Round "4"]
[White "Schirra, Felix"]
[Black "Ehlers, Michael"]
[Result "0-1"]
[Termination "normal"]
[Board "31"]
[WhiteElo "1440"]
[BlackElo "1993"]
[PlyCount "44"]
[WhiteFideId "24692662"]
[BlackFideId "4674537"]
[EventCountry "GER"]
[EventRounds "9"]
[EventType "swiss"]
[EventDate "2009.05.30"]

1. e4 c5 2. Nf3 Nc6 3. d4 cxd4 4. Nxd4 Nf6 5. Nc3 e6 6. Ndb5 d6 7. Bf4 e5 8.
Bg5 a6 9. Bxf6 gxf6 10. Na3 f5 11. Bd3 Qg5 12. g3 Nb4 13. exf5 Nxd3+ 14. Qxd3
Bxf5 15. Qd5 Bg7 16. Qxb7 O-O 17. O-O Rab8 18. Qxa6 Rxb2 19. Rab1 Rxb1 20. Rxb1
Qd2 21. Nab5 Bxc2 22. Rb2 Qc1+ 0-1

[Event "6. ODEM U25 2009"]
[Site "Willingen GER"]
[Date "2009.06.02"]
[Round "4"]
[White "Schmidt, Matthias"]
[Black "Baier, Christoph"]
[Result "1-0"]
[Termination "normal"]
[Board "32"]
[WhiteElo "1803"]
[BlackElo "1671"]
[PlyCount "131"]
[WhiteFideId "12900168"]
[BlackFideId "24655759"]
[EventCountry "GER"]
[EventRounds "9"]
[EventType "swiss"]
[EventDate "2009.05.30"]

1. d4 Nf6 2. Nf3 g6 3. g3 Bg7 4. Bg2 O-O 5. O-O d6 6. c4 c5 7. dxc5 dxc5 8. Qb3
Nc6 9. Be3 Qb6 10. Na3 Bf5 11. Nh4 Be6 12. Rad1 Rfd8 13. Qb5 Nd7 14. b3 Qc7 15.
Bf4 Qc8 16. Bxc6 Qxc6 17. Qxc6 bxc6 18. Be3 Be5 19. Rd3 Bd6 20. f4 f5 21. Rfd1
Kf8 22. Nb1 Ke8 23. Nc3 Rac8 24. Na4 Rb8 25. Nf3 Rbc8 26. Bf2 Rb8 27. Re3 Nf8
28. Ng5 Bg8 29. Red3 Nd7 30. Kg2 Ra8 31. Nf3 Rac8 32. Nd2 Rb8 33. e4 Be6 34. e5
Bc7 35. Bxc5 a6 36. Nf1 Ra8 37. Ne3 Rab8 38. Nc2 Ba5 39. Ba3 Rbc8 40. Nd4 Nf8
41. Nc5 Bg8 42. Nb7 Rxd4 43. Rxd4 Bb6 44. Nc5 Ne6 45. Nxe6 Bxe6 46. R4d3 Rb8
47. Kf3 Rb7 48. h3 h5 49. Re1 Kf7 50. Re2 Rb8 51. Rg2 Rh8 52. Bb4 Rh7 53. Bc3
Rh6 54. Rd1 Rh7 55. Bd4 Bc7 56. Rdg1 Rh6 57. Ke3 Rh7 58. Kd3 Rh8 59. g4 hxg4
60. hxg4 fxg4 61. Rxg4 Bxg4 62. e6+ Kg8 63. Rxg4 Rh3+ 64. Kc2 Kh7 65. f5 Rh6
66. f6 1-0

[Event "6. ODEM U25 2009"]
[Site "Willingen GER"]
[Date "2009.06.02"]
[Round "4"]
[White "Lebeda, Timo"]
[Black "Kuckling, Jonas"]
[Result "1-0"]
[Termination "normal"]
[Board "33"]
[WhiteElo "1942"]
[BlackElo "1539"]
[PlyCount "101"]
[WhiteFideId "4638565"]
[BlackFideId "24603856"]
[EventCountry "GER"]
[EventRounds "9"]
[EventType "swiss"]
[EventDate "2009.05.30"]

1. c4 e5 2. Nc3 Nf6 3. Nf3 Nc6 4. d4 exd4 5. Nxd4 Bb4 6. Bg5 O-O 7. e3 h6 8.
Bh4 Bxc3+ 9. bxc3 Ne5 10. Be2 Ng6 11. Bg3 d6 12. O-O Bd7 13. Rb1 Rb8 14. Bf3
Bc8 15. Nb5 Be6 16. Qe2 a6 17. Na7 c6 18. Rfd1 Bf5 19. e4 Re8 20. Rxd6 Qxd6 21.
Bxd6 Bxe4 22. Bxe4 Rbd8 23. Qc2 Nxe4 24. Bg3 Rd2 25. Qc1 Red8 26. f3 Nxg3 27.
hxg3 R2d7 28. Qe3 Rd3 29. Qc5 Rxc3 30. Rxb7 Rd5 31. Qxc6 Rc1+ 32. Kf2 Rc2+ 33.
Ke3 Re5+ 34. Kd3 Rxa2 35. Qc7 Ra3+ 36. Kd4 Rf5 37. Qc8+ Kh7 38. Qxf5 Ra2 39.
Rxf7 Rxg2 40. Kc5 Rxg3 41. f4 Kg8 42. Qe6 Kh7 43. Qf5 Kg8 44. Nc6 a5 45. Ne7+
Kh7 46. Nxg6 Rxg6 47. Ra7 a4 48. Rxa4 Kg8 49. Qxg6 Kf8 50. Ra7 h5 51. Qf7# 1-0

[Event "6. ODEM U25 2009"]
[Site "Willingen GER"]
[Date "2009.06.02"]
[Round "4"]
[White "Ohnesorg, Felix"]
[Black "Kulling, Markus"]
[Result "1-0"]
[Termination "normal"]
[Board "34"]
[WhiteElo "1822"]
[BlackElo "1451"]
[PlyCount "109"]
[WhiteFideId "24653578"]
[BlackFideId "24698911"]
[EventCountry "GER"]
[EventRounds "9"]
[EventType "swiss"]
[EventDate "2009.05.30"]

1. d4 d5 2. c4 e6 3. Nf3 Nf6 4. Nc3 c6 5. cxd5 exd5 6. Bg5 Be7 7. e3 Bf5 8. Bd3
Bxd3 9. Qxd3 Nbd7 10. O-O O-O 11. Rfe1 Re8 12. Re2 Ne4 13. Bxe7 Qxe7 14. Nd2
Ndf6 15. Rae1 Nxc3 16. bxc3 Ne4 17. f3 Nxd2 18. Qxd2 f5 19. Qc2 Qf7 20. Rf1 Rf8
21. Rff2 Qg6 22. Qb3 b6 23. c4 Qe6 24. Rc2 Rfc8 25. Rfe2 h6 26. cxd5 cxd5 27.
Kf2 Kf7 28. h3 h5 29. Qd3 Rxc2 30. Rxc2 Rc8 31. Qb3 Rxc2+ 32. Qxc2 Qd7 33. a4
Ke6 34. Ke2 Qb7 35. Kd3 Qa6+ 36. Kd2 Qb7 37. Qb3 Qd7 38. Kd3 Qc6 39. Qb5 Qxb5+
40. axb5 Kd6 41. h4 Ke6 42. e4 dxe4+ 43. fxe4 fxe4+ 44. Kxe4 Kd6 45. d5 g6 46.
g3 Kd7 47. Ke5 Ke7 48. d6+ Kd7 49. Kd5 Kd8 50. Ke6 Ke8 51. d7+ Kd8 52. Kd6 g5
53. hxg5 h4 54. g6 hxg3 55. g7 1-0

[Event "6. ODEM U25 2009"]
[Site "Willingen GER"]
[Date "2009.06.02"]
[Round "4"]
[White "Rosenberger, Andreas"]
[Black "Nekrasova, Kateryna"]
[Result "0-1"]
[Termination "normal"]
[Board "35"]
[WhiteElo "1478"]
[BlackElo "1833"]
[PlyCount "54"]
[WhiteFideId "12900192"]
[BlackFideId "24636266"]
[EventCountry "GER"]
[EventRounds "9"]
[EventType "swiss"]
[EventDate "2009.05.30"]

1. e4 c6 2. d4 d5 3. Nc3 dxe4 4. Nxe4 Bf5 5. Ng3 Bg6 6. Bc4 e6 7. Nf3 Nd7 8.
O-O Bd6 9. Qe2 Ngf6 10. Nh4 Qc7 11. Nxg6 hxg6 12. f4 Nh5 13. Bxe6 fxe6 14.
Qxe6+ Kd8 15. Qxg6 Ndf6 16. Nxh5 Rxh5 17. Bd2 Qd7 18. h3 Kc7 19. Rf3 Rh6 20.
Qd3 Rf8 21. f5 Rh4 22. Re1 Rxd4 23. Qe2 Rxd2 24. Qe6 Re8 25. Qxd7+ Kxd7 26.
Rxe8 Nxe8 27. Rf2 Bc5 0-1

[Event "6. ODEM U25 2009"]
[Site "Willingen GER"]
[Date "2009.06.02"]
[Round "4"]
[White "Lebeda, Lukas"]
[Black "Stemmler, Lysan"]
[Result "0-1"]
[Termination "normal"]
[Board "36"]
[WhiteElo "1710"]
[BlackElo "1856"]
[PlyCount "38"]
[BlackFideId "24622451"]
[EventCountry "GER"]
[EventRounds "9"]
[EventType "swiss"]
[EventDate "2009.05.30"]

1. c4 Nf6 2. Nc3 d6 3. Nf3 g6 4. g3 Bg7 5. Bg2 O-O 6. d4 Nc6 7. O-O e5 8. d5
Ne7 9. Ne1 Nd7 10. f4 f5 11. e4 Nf6 12. fxe5 dxe5 13. Nd3 Nxe4 14. Nxe4 fxe4
15. Bxe4 Nf5 16. Rb1 Nd6 17. Rxf8+ Qxf8 18. Qf3 Qxf3 19. Bxf3 e4 0-1

[Event "6. ODEM U25 2009"]
[Site "Willingen GER"]
[Date "2009.06.02"]
[Round "4"]
[White "Bangert, Benjamin"]
[Black "Armbrust, Matthias"]
[Result "0-1"]
[Termination "normal"]
[Board "37"]
[WhiteElo "1330"]
[BlackElo "1820"]
[PlyCount "78"]
[WhiteFideId "24692654"]
[EventCountry "GER"]
[EventRounds "9"]
[EventType "swiss"]
[EventDate "2009.05.30"]

1. g3 g6 2. c4 Bg7 3. Bg2 d6 4. e3 e5 5. Ne2 Nc6 6. Nbc3 f5 7. d4 Nf6 8. Rb1 a5
9. a3 O-O 10. b4 axb4 11. axb4 Re8 12. O-O h6 13. c5 exd4 14. Nxd4 Ne5 15. Ndb5
Nf7 16. cxd6 Nxd6 17. Re1 Nfe4 18. Bb2 c6 19. Nd4 Qb6 20. Nxe4 Nxe4 21. Ba1 Kh7
22. Qc1 Bd7 23. Re2 Re7 24. Rc2 Be8 25. Bf1 Bf7 26. b5 c5 27. Nf3 Ba2 28. Rbb2
Bxb2 29. Qxb2 Qe6 30. Qc1 Bb3 31. Rb2 Rd8 32. Be2 Red7 33. Kg2 g5 34. Rb1 Bd5
35. h3 Re7 36. Qb2 g4 37. hxg4 fxg4 38. Ne5 Nc3+ 39. Kh2 Qxe5 0-1

[Event "6. ODEM U25 2009"]
[Site "Willingen GER"]
[Date "2009.06.02"]
[Round "4"]
[White "Gefnider, Andreas"]
[Black "Rummer, Evi"]
[Result "1-0"]
[Termination "normal"]
[Board "38"]
[WhiteElo "1653"]
[BlackElo "1439"]
[PlyCount "87"]
[WhiteFideId "12900176"]
[BlackFideId "12900117"]
[EventCountry "GER"]
[EventRounds "9"]
[EventType "swiss"]
[EventDate "2009.05.30"]

1. e4 e5 2. Nf3 Nc6 3. Bc4 Bc5 4. d3 Nf6 5. Bg5 d6 6. h3 O-O 7. Nc3 Be6 8. Nd5
Bxd5 9. Bxd5 Rb8 10. c3 a5 11. O-O Bb6 12. Nh2 Ne7 13. Bxf6 gxf6 14. Bb3 c6 15.
Qh5 Ng6 16. g3 Kh8 17. Ng4 Qe7 18. Nh6 Rbd8 19. Nf5 Qd7 20. Qh6 Rg8 21. h4 d5
22. h5 dxe4 23. dxe4 Qe8 24. hxg6 Rxg6 25. Qh4 Qf8 26. Rad1 Rxd1 27. Rxd1 Qc5
28. Rd2 Qf8 29. Kg2 Ba7 30. Nd6 b5 31. Bxf7 Rg7 32. Qxf6 Bb6 33. Qxe5 Bc7 34.
Bh5 Kg8 35. Qe6+ Kh8 36. Nf7+ Kg8 37. Rd7 Bb6 38. Qxc6 Qb8 39. Nh6+ Kh8 40.
Rxg7 Kxg7 41. Nf5+ Kg8 42. Qe6+ Kh8 43. Qf6+ Kg8 44. Qg7# 1-0

[Event "6. ODEM U25 2009"]
[Site "Willingen GER"]
[Date "2009.06.02"]
[Round "4"]
[White "Schreiber, Justina"]
[Black "Schneider, Johannes"]
[Result "0-1"]
[Termination "normal"]
[Board "39"]
[WhiteElo "1269"]
[BlackElo "1775"]
[PlyCount "148"]
[WhiteFideId "24661570"]
[BlackFideId "24687260"]
[EventCountry "GER"]
[EventRounds "9"]
[EventType "swiss"]
[EventDate "2009.05.30"]

1. e4 c5 2. Nf3 d6 3. d4 cxd4 4. Nxd4 Nf6 5. f3 a6 6. Nc3 b5 7. Bd3 e6 8. Be3
Bb7 9. Qd2 Be7 10. Nce2 Nbd7 11. O-O d5 12. exd5 Nxd5 13. Be4 N7f6 14. Bxd5
Nxd5 15. Bf2 O-O 16. Rad1 Qc7 17. Bg3 Bd6 18. Bxd6 Qxd6 19. Nc3 Rfd8 20. Nxd5
Bxd5 21. Nb3 Qb6+ 22. Qf2 Qxf2+ 23. Kxf2 Kf8 24. Ke3 Rac8 25. Rd2 Bxb3 26.
Rxd8+ Rxd8 27. axb3 Ke7 28. Rc1 Rc8 29. c4 Rc7 30. Kd4 f6 31. Ra1 bxc4 32. bxc4
Rc6 33. b4 Kd6 34. Ra5 e5+ 35. Kc3 h5 36. Kb3 g5 37. Rd5+ Ke6 38. Rd8 g4 39. b5
axb5 40. cxb5 Rc1 41. Rd2 Rb1+ 42. Kc4 Kf5 43. Kc5 Kf4 44. fxg4 hxg4 45. Rf2+
Kg5 46. b6 f5 47. h4+ gxh3 48. gxh3 f4 49. Kc6 e4 50. h4+ Kf5 51. h5 e3 52. Re2
Kg5 53. h6 Kxh6 54. Kd5 Rxb6 55. Ke5 Rb4 56. Kf5 Kg7 57. Kg5 Kf7 58. Kf5 Ke7
59. Ke5 Kd7 60. Kf5 Kd6 61. Kg4 Ke5 62. Kg5 Ke4 63. Kg4 f3 64. Re1 f2 65. Rf1
e2 66. Rxf2 e1=Q 67. Rf4+ Ke5 68. Rxb4 Qxb4+ 69. Kg5 Qf4+ 70. Kg6 Ke6 71. Kg7
Qg5+ 72. Kf8 Qe7+ 73. Kg8 Kf6 74. Kh8 Qg7# 0-1

[Event "6. ODEM U25 2009"]
[Site "Willingen GER"]
[Date "2009.06.02"]
[Round "4"]
[White "Reksten, Daniel"]
[Black "Goldbeck, Daniel"]
[Result "1-0"]
[Termination "normal"]
[Board "40"]
[WhiteElo "1638"]
[BlackElo "1391"]
[PlyCount "65"]
[WhiteFideId "24692590"]
[BlackFideId "1271850"]
[EventCountry "GER"]
[EventRounds "9"]
[EventType "swiss"]
[EventDate "2009.05.30"]

1. d4 d5 2. c4 e6 3. Nc3 Nf6 4. Bg5 Nc6 5. Nf3 Be7 6. e3 Bd7 7. Qc2 O-O 8. cxd5
Nxd5 9. Bxe7 Qxe7 10. Nxd5 exd5 11. a3 Qe4 12. Bd3 Qg4 13. O-O h6 14. b4 Rac8
15. b5 Ne7 16. Ne5 Qe6 17. Rab1 c6 18. b6 a6 19. Rfc1 Be8 20. Nf3 Ng6 21. Nd2
f5 22. Nb3 f4 23. Nc5 Qf7 24. Nxb7 Qxb7 25. Bxg6 Bxg6 26. Qxg6 Rf6 27. Qc2 f3
28. a4 Rb8 29. Qd3 Kf7 30. a5 Rg6 31. Qf5+ Rf6 32. Qh5+ Rg6 33. Qxf3+ 1-0

[Event "6. ODEM U25 2009"]
[Site "Willingen GER"]
[Date "2009.06.02"]
[Round "4"]
[White "Durmisi, Valon"]
[Black "Marquardt, Annabelle"]
[Result "1-0"]
[Termination "normal"]
[Board "41"]
[WhiteElo "1619"]
[BlackElo "1381"]
[PlyCount "49"]
[BlackFideId "12900125"]
[EventCountry "GER"]
[EventRounds "9"]
[EventType "swiss"]
[EventDate "2009.05.30"]

1. e4 c5 2. c3 d5 3. e5 Nc6 4. d4 Bf5 5. f4 e6 6. Nf3 Nge7 7. Qa4 Qb6 8. Na3 a6
9. dxc5 Qxc5 10. Nb5 Kd7 11. Nd6 Rb8 12. Nxf7 Rg8 13. Nd4 Ng6 14. Nxf5 exf5 15.
Ng5 h6 16. Nf3 Ke6 17. Bd3 Be7 18. Ke2 Qa5 19. Qxa5 Nxa5 20. Nd4+ Kf7 21. Bxf5
Rgd8 22. Rd1 Nc6 23. Ne6 Rd7 24. Nxg7 Rdd8 25. Ne6 1-0

[Event "6. ODEM U25 2009"]
[Site "Willingen GER"]
[Date "2009.06.02"]
[Round "4"]
[White "Nobis, Philipp"]
[Black "Jorczik, Andreas"]
[Result "1/2-1/2"]
[Termination "normal"]
[Board "42"]
[WhiteElo "1261"]
[BlackElo "1792"]
[PlyCount "61"]
[WhiteFideId "24602183"]
[BlackFideId "24634921"]
[EventCountry "GER"]
[EventRounds "9"]
[EventType "swiss"]
[EventDate "2009.05.30"]

1. e4 c5 2. Nf3 e6 3. d4 cxd4 4. Nxd4 Nc6 5. Be3 Nf6 6. Nc3 a6 7. a3 d5 8. exd5
exd5 9. Be2 Qc7 10. O-O Bd6 11. h3 Nxd4 12. Bxd4 Be6 13. Bxf6 gxf6 14. Nxd5
Bh2+ 15. Kh1 Qe5 16. f4 Qxd5 17. Qxd5 Bxd5 18. Kxh2 Rg8 19. Bf3 O-O-O 20. Bxd5
Rxd5 21. Rad1 Rgd8 22. Rxd5 Rxd5 23. Rf2 Rd1 24. Re2 Kd7 25. Kg3 Rb1 26. Rd2+
Ke7 27. b3 Rb2 28. Kf3 b5 29. Ke3 Ra2 30. Kd4 Rxa3 31. Kc5 1/2-1/2

[Event "6. ODEM U25 2009"]
[Site "Willingen GER"]
[Date "2009.06.02"]
[Round "4"]
[White "Herbst, Matthew"]
[Black "Kempe, Markus"]
[Result "1/2-1/2"]
[Termination "normal"]
[Board "43"]
[WhiteElo "1615"]
[BlackElo "1348"]
[PlyCount "49"]
[WhiteFideId "24601950"]
[BlackFideId "24692638"]
[EventCountry "GER"]
[EventRounds "9"]
[EventType "swiss"]
[EventDate "2009.05.30"]

1. e4 c5 2. Nf3 Nc6 3. d4 cxd4 4. Nxd4 g6 5. Nc3 Bg7 6. Be3 Nf6 7. Bc4 O-O 8.
f3 Qb6 9. Bb3 Nxe4 10. Nd5 Qa5+ 11. c3 Nc5 12. Nxc6 dxc6 13. Nxe7+ Kh8 14. Nxc8
Raxc8 15. O-O Rcd8 16. Qc2 Kg8 17. Rad1 b6 18. Rfe1 Nxb3 19. Qxb3 Rfe8 20. Bf2
Rxe1+ 21. Rxe1 Qd5 22. Qxd5 Rxd5 23. Be3 Kf8 24. Kf2 h6 25. g3 1/2-1/2

[Event "6. ODEM U25 2009"]
[Site "Willingen GER"]
[Date "2009.06.02"]
[Round "4"]
[White "Laqua, Stefan"]
[Black "Zeller, Lukas"]
[Result "1-0"]
[Termination "normal"]
[Board "44"]
[WhiteElo "1744"]
[BlackElo "1338"]
[PlyCount "85"]
[WhiteFideId "4674634"]
[BlackFideId "1271152"]
[EventCountry "GER"]
[EventRounds "9"]
[EventType "swiss"]
[EventDate "2009.05.30"]

1. e4 g6 2. d4 d6 3. f4 Bg7 4. Nf3 e6 5. Be3 Nc6 6. Be2 Nf6 7. Nc3 O-O 8. h3
Nh5 9. g4 Ng3 10. Rg1 Nxe2 11. Qxe2 e5 12. d5 Nd4 13. Bxd4 exd4 14. Nb5 Re8 15.
O-O-O Bd7 16. Nbxd4 Qf6 17. Qe3 c5 18. dxc6 Bxc6 19. e5 dxe5 20. fxe5 Bxf3 21.
Nxf3 Rac8 22. Rd5 Qc6 23. Qd3 Qa4 24. Kb1 Qc6 25. Re1 f6 26. Rd6 Qc5 27. exf6
Rxe1+ 28. Nxe1 Qe5 29. Rd8+ Bf8 30. Qd5+ Qxd5 31. Rxd5 Kf7 32. g5 Re8 33. Nf3
Re3 34. Rd3 Re2 35. a3 Kg8 36. h4 Re6 37. Rd7 Rb6 38. Ka2 Rc6 39. Nd4 Rc4 40.
c3 Rc8 41. Rxb7 a6 42. Rd7 Re8 43. f7+ 1-0

[Event "6. ODEM U25 2009"]
[Site "Willingen GER"]
[Date "2009.06.02"]
[Round "4"]
[White "Bachem, Sabrina"]
[Black "Mann, Jonas"]
[Result "1/2-1/2"]
[Termination "normal"]
[Board "45"]
[WhiteElo "1599"]
[BlackElo "1296"]
[PlyCount "58"]
[BlackFideId "12900214"]
[EventCountry "GER"]
[EventRounds "9"]
[EventType "swiss"]
[EventDate "2009.05.30"]

1. e4 c5 2. Nf3 d6 3. d4 cxd4 4. Nxd4 Nf6 5. Nc3 a6 6. Bd3 e6 7. O-O Be7 8. Be3
O-O 9. h3 b5 10. f4 Bb7 11. a3 e5 12. fxe5 dxe5 13. Nf5 Bc8 14. Nxe7+ Qxe7 15.
Bg5 Qc5+ 16. Kh1 Nbd7 17. Qf3 Bb7 18. Qg3 Kh8 19. Rf2 h6 20. Be3 Qd6 21. Qh4
Ng8 22. g4 Qg6 23. g5 Rac8 24. Rg1 Qe6 25. Be2 f5 26. gxh6 Nxh6 27. Rfg2 Rxc3
28. Bxh6 Qxh6 29. Qxh6+ gxh6 1/2-1/2

[Event "6. ODEM U25 2009"]
[Site "Willingen GER"]
[Date "2009.06.02"]
[Round "4"]
[White "Holle, Eric"]
[Black "Brühan, Caren"]
[Result "1-0"]
[Termination "normal"]
[Board "46"]
[WhiteElo "1735"]
[BlackElo "1265"]
[PlyCount "89"]
[WhiteFideId "4624610"]
[BlackFideId "24691976"]
[EventCountry "GER"]
[EventRounds "9"]
[EventType "swiss"]
[EventDate "2009.05.30"]

1. e4 c5 2. Nf3 Nc6 3. d4 cxd4 4. Nxd4 g6 5. c4 Bg7 6. Be3 Nf6 7. Nc3 O-O 8.
Be2 b6 9. O-O Bb7 10. f3 Rc8 11. Qd2 Qc7 12. Rfd1 Ne5 13. b3 d6 14. Rac1 Rfd8
15. Nd5 Nxd5 16. cxd5 Qb8 17. Bb5 a6 18. Nc6 Bxc6 19. Bxc6 Nxc6 20. dxc6 Rc7
21. Rc2 Rdc8 22. Rdc1 Qa8 23. Qd5 Qb8 24. Qc4 b5 25. Qd5 Bf8 26. a4 Qa8 27.
axb5 axb5 28. Bb6 e6 29. Qxb5 Rb8 30. Qa5 Qxa5 31. Bxa5 Rcc8 32. b4 Rb5 33. Rb1
d5 34. exd5 exd5 35. c7 d4 36. Rc6 d3 37. Kf1 Be7 38. Rb6 Rxb6 39. Bxb6 Bd6 40.
Ke1 Bxc7 41. Bxc7 Rxc7 42. Kd2 Rc2+ 43. Kxd3 Rxg2 44. b5 Rg5 45. Kd4 1-0

[Event "6. ODEM U25 2009"]
[Site "Willingen GER"]
[Date "2009.06.02"]
[Round "4"]
[White "Alt, Elisabeth"]
[Black "Usov, Andreas"]
[Result "0-1"]
[Termination "normal"]
[Board "47"]
[WhiteElo "1257"]
[BlackElo "1491"]
[PlyCount "44"]
[WhiteFideId "24692620"]
[BlackFideId "24601713"]
[EventCountry "GER"]
[EventRounds "9"]
[EventType "swiss"]
[EventDate "2009.05.30"]

1. e4 e6 2. d4 d5 3. Nd2 c5 4. c3 Nc6 5. Ngf3 dxe4 6. Nxe4 cxd4 7. cxd4 Bb4+ 8.
Nc3 Nge7 9. Bf4 O-O 10. Bc4 Nf5 11. d5 Na5 12. Bb3 Nxb3 13. Qxb3 Bxc3+ 14. Qxc3
Qxd5 15. O-O b6 16. Rfd1 Qe4 17. Rac1 Qxf4 18. Rd2 Bb7 19. Rcd1 Bxf3 20. gxf3
Nh4 21. Rd3 Qg5+ 22. Kf1 Rad8 0-1

[Event "6. ODEM U25 2009"]
[Site "Willingen GER"]
[Date "2009.06.02"]
[Round "4"]
[White "Klosa, Kevin"]
[Black "Mehling, Franziska"]
[Result "1-0"]
[Termination "normal"]
[Board "48"]
[WhiteElo "1453"]
[BlackElo "1257"]
[PlyCount "83"]
[WhiteFideId "12900206"]
[BlackFideId "12900133"]
[EventCountry "GER"]
[EventRounds "9"]
[EventType "swiss"]
[EventDate "2009.05.30"]

1. e4 c5 2. Nf3 d6 3. d4 cxd4 4. Nxd4 Nf6 5. Nc3 g6 6. Be3 Bg7 7. f3 O-O 8. Qd2
Nc6 9. Be2 Bd7 10. O-O-O a6 11. h4 b5 12. g4 Qa5 13. Nb3 Qc7 14. Bh6 Rfc8 15.
Bxg7 Kxg7 16. h5 Nb4 17. hxg6 fxg6 18. a3 Nc6 19. Qh6+ Kf7 20. g5 Nh5 21. Qxh7+
Ng7 22. Qh2 Nh5 23. f4 Rh8 24. Qf2 Raf8 25. Bxh5 gxh5 26. Rdg1 Bg4 27. Nd5 Qd8
28. Ne3 Bd7 29. Ng2 Ke8 30. Nh4 Rfg8 31. Qd2 Qc7 32. Nd4 Nxd4 33. Qxd4 Bg4 34.
Qf2 Rh7 35. Qd2 Qc6 36. Qd3 e5 37. g6 Rhg7 38. f5 Rd7 39. Rf1 d5 40. Qb3 Kf8
41. f6 dxe4 42. g7+ 1-0

[Event "6. ODEM U25 2009"]
[Site "Willingen GER"]
[Date "2009.06.02"]
[Round "4"]
[White "Neumair, Dorian"]
[Black "Rummer, Bärbel"]
[Result "0-1"]
[Termination "normal"]
[Board "50"]
[WhiteElo "1340"]
[BlackElo "1476"]
[PlyCount "96"]
[BlackFideId "12900109"]
[EventCountry "GER"]
[EventRounds "9"]
[EventType "swiss"]
[EventDate "2009.05.30"]

1. e4 e5 2. Nf3 Nc6 3. Bc4 Bc5 4. Nc3 Nf6 5. d3 h6 6. O-O d6 7. h3 O-O 8. Be3
Bb6 9. Ne2 d5 10. exd5 Nxd5 11. Bxd5 Qxd5 12. Nc3 Qd6 13. Bxb6 axb6 14. Re1 Re8
15. Nd2 Re7 16. Qf3 Nd4 17. Qd5 Qxd5 18. Nxd5 Rd7 19. Ne3 f6 20. a3 Ra5 21.
Rac1 Rc5 22. Ne4 Rc6 23. Red1 Ne2+ 24. Kf1 Nxc1 25. Rxc1 Rxd3 26. Ke2 Rd8 27.
c4 Be6 28. b4 b5 29. Nc5 Bxc4+ 30. Nxc4 bxc4 31. Rxc4 b6 32. Ne6 Rxe6 33. Rxc7
Red6 34. a4 Rd4 35. a5 bxa5 36. bxa5 Ra8 37. Rc5 Ra4 38. Kf3 R4xa5 39. Rc7 Ra3+
40. Kg4 R8a4+ 41. Kf5 Kh7 42. Ke6 Ra6+ 43. Kf5 Ra2 44. f3 Rxg2 45. h4 Rg3 46.
f4 exf4 47. Kxf4 Rb3 48. Kf5 Rb5+ 0-1

[Event "6. ODEM U25 2009"]
[Site "Willingen GER"]
[Date "2009.06.02"]
[Round "4"]
[White "Wachinger, David"]
[Black "Kuckling, Linus"]
[Result "1-0"]
[Termination "normal"]
[Board "51"]
[WhiteElo "1386"]
[BlackElo "1197"]
[PlyCount "115"]
[WhiteFideId "24692689"]
[BlackFideId "24658243"]
[EventCountry "GER"]
[EventRounds "9"]
[EventType "swiss"]
[EventDate "2009.05.30"]

1. d4 Nf6 2. c4 e6 3. Nc3 Bb4 4. Qc2 O-O 5. Bg5 Nc6 6. Nf3 d5 7. e3 Bd7 8. a3
Bxc3+ 9. Qxc3 h6 10. Bh4 a6 11. cxd5 exd5 12. Bd3 Qe7 13. O-O Bg4 14. Be2 Qd6
15. Rac1 Ne4 16. Qc2 Bf5 17. Bd3 Rfe8 18. Nd2 Nxd2 19. Qxd2 Bxd3 20. Qxd3 Qe6
21. Bg3 Rac8 22. Rc2 Qe4 23. Qd2 Re6 24. h3 Rg6 25. Rfc1 h5 26. Qe2 h4 27. f3
Qf5 28. Bxh4 Qxh3 29. Be1 Re8 30. Qf2 Qe6 31. Bd2 Rh6 32. Rc5 Rh5 33. Qg3 Qd7
34. b4 Re6 35. Qg4 Rhh6 36. a4 Rhg6 37. Qh5 Rd6 38. b5 axb5 39. axb5 Rh6 40.
Qg4 Qxg4 41. fxg4 Na7 42. Ra1 Nc8 43. Ra8 Rd8 44. Rxc7 Rb6 45. Rcxc8 Rxc8 46.
Rxc8+ Kh7 47. Rc5 Rd6 48. Ba5 b6 49. Rc6 Rxc6 50. bxc6 bxa5 51. c7 a4 52. c8=Q
a3 53. Qa8 Kg6 54. Qxa3 Kg5 55. Qe7+ Kxg4 56. Qxf7 g5 57. Qf3+ Kh4 58. Qh3# 1-0

[Event "6. ODEM U25 2009"]
[Site "Willingen GER"]
[Date "2009.06.02"]
[Round "4"]
[White "Sailer, Fabian"]
[Black "Reksten, Lisa"]
[Result "1-0"]
[Termination "normal"]
[Board "52"]
[WhiteElo "1380"]
[BlackElo "1141"]
[PlyCount "43"]
[EventCountry "GER"]
[EventRounds "9"]
[EventType "swiss"]
[EventDate "2009.05.30"]

1. e4 e5 2. f4 exf4 3. Nf3 Nf6 4. Nc3 Bb4 5. e5 Qe7 6. Bc4 O-O 7. O-O Ng4 8. d4
c5 9. Nd5 Qd8 10. Bxf4 Nc6 11. Bg5 Qa5 12. c3 Bxc3 13. Nxc3 cxd4 14. Nxd4 Ngxe5
15. Nxc6 Nxc6 16. Qd5 Qb6+ 17. Kh1 Qxb2 18. Na4 Qe5 19. Rae1 Qxd5 20. Bxd5 b5
21. Rxf7 bxa4 22. Rf6+ 1-0

[Event "6. ODEM U25 2009"]
[Site "Willingen GER"]
[Date "2009.06.02"]
[Round "4"]
[White "Triantafillidis, Katherina"]
[Black "Eichstaedt, Ina"]
[Result "1-0"]
[Termination "normal"]
[Board "53"]
[WhiteElo "1221"]
[BlackElo "887"]
[PlyCount "119"]
[WhiteFideId "24692409"]
[BlackFideId "1270265"]
[EventCountry "GER"]
[EventRounds "9"]
[EventType "swiss"]
[EventDate "2009.05.30"]

1. e4 e5 2. Nf3 Nc6 3. d4 exd4 4. Nxd4 Qh4 5. Nxc6 Qxe4+ 6. Qe2 Qxe2+ 7. Bxe2
bxc6 8. O-O Nf6 9. Re1 Be7 10. Bf3 d5 11. Bf4 Be6 12. Bxc7 O-O 13. Nd2 Bb4 14.
c3 Bc5 15. Rac1 Bb6 16. Bf4 Bg4 17. h3 Bxf3 18. Nxf3 Ne4 19. Be3 Bxe3 20. Rxe3
Rfe8 21. Rce1 h6 22. Nd2 Rad8 23. Nxe4 dxe4 24. Rxe4 Rxe4 25. Rxe4 Rd1+ 26. Kh2
Rd2 27. Re8+ Kh7 28. Re7 Rxf2 29. Rxa7 Rxb2 30. Rxf7 Rxa2 31. Rc7 Ra6 32. Kg3
Kg6 33. Kf4 Ra2 34. Rxc6+ Kh7 35. g4 Rf2+ 36. Kg3 Rf7 37. c4 g5 38. h4 Rf4 39.
hxg5 hxg5 40. c5 Kg7 41. Rc8 Rc4 42. Rc7+ Kf6 43. Rc6+ Ke7 44. Kf3 Kd7 45. Rd6+
Kc7 46. Rd5 Kc6 47. Rxg5 Rxc5 48. Rxc5+ Kxc5 49. Ke4 Kd6 50. Kf5 Ke7 51. Kg6
Kf8 52. g5 Kg8 53. Kf6 Kh8 54. Kf7 Kh7 55. g6+ Kh6 56. g7 Kg5 57. g8=Q+ Kf4 58.
Qe8 Kg4 59. Qe5 Kh4 60. Qg7 1-0

[Event "6. ODEM U25 2009"]
[Site "Willingen GER"]
[Date "2009.06.02"]
[Round "4"]
[White "Kilic, Ahmet"]
[Black "Holle, Niklas"]
[Result "0-1"]
[Termination "normal"]
[Board "54"]
[WhiteElo "1166"]
[BlackElo "795"]
[PlyCount "36"]
[EventCountry "GER"]
[EventRounds "9"]
[EventType "swiss"]
[EventDate "2009.05.30"]

1. e4 e5 2. b3 Nc6 3. Bb2 Nf6 4. Nc3 Bc5 5. d3 d6 6. Be2 Be6 7. Nf3 Qd7 8. Qd2
d5 9. Nxd5 Nxd5 10. exd5 Bxd5 11. Bxe5 Qe6 12. Bxc7 Qf6 13. O-O O-O 14. Bg3 Nd4
15. Ne5 Rfe8 16. f4 Nxe2+ 17. Kh1 Nxg3+ 18. hxg3 Qh6# 0-1